Gouvernement français : mai 2026 - Statistiques

Statistiques générales
  • Ce quiz a été pris 14 fois
  • Le résultat moyen est 9 sur 20
Statistiques - réponses
Hint Réponse % Correct
Garde des Sceaux, ministre de la Justice Gérald Darmanin
100%
Ministre de l'Intérieur Laurent Nuñez
100%
Premier ministre, chargé de la Planification écologique et énergétique Sébastien Lecornu
89%
Ministre des Armées et des Anciens Combattants Catherine Vautrin
67%
Ministre de l'Éducation nationale Édouard Geffray
56%
Ministre de l'Europe et des Affaires étrangères Jean-Noël Barrot
56%
Ministre de l'Économie, des Finances et de la Souveraineté industrielle, énergétique et numérique Roland Lescure
56%
Ministre de l'Agriculture, de l'Agro-alimentaire et de la Souveraineté alimentaire Annie Genevard
44%
Ministre de la Culture Catherine Pégard
44%
Ministre des Outre-mer Naïma Moutchou
44%
Ministre de l'Enseignement supérieur, de la Recherche et de l'Espace Philippe Baptiste
44%
Ministre du Travail et des Solidarités Jean-Pierre Farandou
33%
Ministre de la Transition écologique, de la Biodiversité et des Négociations internationales sur le climat et la nature Monique Barbut
33%
Ministre de la Santé, des Familles, de l’Autonomie et des Personnes handicapées Stéphanie Rist
33%
Ministre des Sports, de la Jeunesse et de la Vie associative Marina Ferrari
22%
Ministre des Transports Philippe Tabarot
22%
Ministre de l'Action et des Comptes publics David Amiel
11%
Ministre de l'Aménagement du territoire et de la Décentralisation Françoise Gatel
11%
Ministre des Petites et moyennes entreprises, du Commerce, de l'Artisanat, du Tourisme et du Pouvoir d'achat Serge Papin
11%
Ministre de la Ville et du Logement Vincent Jeanbrun
11%
Aucun quiz correspondant
Distribution des résultats
% des personnes avec chaque résultat
Percentile par nombre de réponses
Votre historique - résultats
Vous n’avez pas pris ce quiz